000 01940nam a2200313 a 4500
001 000022324
003 DO-SdBNP
005 20171023084046.0
007 000022324
008 100927s1997 dr ac 001 0 spa d
040 _aBPMSU
_bspa
_cBPMSU
082 _a972.9324
_bL864h
100 1 _aLópez Reyes, Oscar
245 1 0 _aHistoria del desarrollo de Barahona /
_cOscar López Reyes ; prólogo Wilson S. Gómez Ramírez.
246 1 4 _aHistoria del desarrollo de Barahona:
_bnarración e interpretación
250 _a2a ed.
260 _aSanto Domingo :
_bMediabyte,
_c[199-?].
300 _axix, 455 p. :
_bil. ;
_c21 cm.
504 _aBibliografía : p. 443-453
505 2 _tPrólogo --
_tIntroducción --
_tEspaña en los siglos XV y XVII --
_tRebelión de Roldán --
_tAlzamiento de Enriquillo --
_tBarahona : origen y fundación --
_tOcupación haitiana e independencia nacional --
_tAnexión a España y restauración --
_tEtapa de gran desarrollo y confrontación --
_tBarahona adquiere categoría social --
_tGobierno del padre Nouel en Barahona --
_tInvasión norteamericana --
_tEl gobierno de Horacio Vásquez (1924-1930) --
_tLa tiranía de Trujillo (1930-61) --
_tPeríodo post-trujillista (1961-1964) --
_tLa revolución del 24 abril -- Joaquín Balaguer : 12 años de despotismo ilustrado --
_tApertura democrático-institucional (1978-1982) --
_tPanorama a finales del siglo XX --
_tIglesia, política y comunicación --
_tCultura, arte y literatura --
_tDeportes --
_tComposición geográfica --
_tBibliografía general.
650 4 _aCIUDADES Y PUEBLOS
_zREPÚBLICA DOMINICANA
651 4 _aBARAHONA (REPÚBLICA DOMINICANA)
_xHISTORIA LOCAL
651 4 _aBARAHONA (REPÚBLICA DOMINICANA)
_xVIDA SOCIAL Y COSTUMBRES
700 1 _aGómez Ramírez, Wilson S.
910 _aValidado. Control de calidad BNPHU
942 _2ddc
_cBK
945 _aTítulo remanejado para BNPHU / 2017 VM
956 _aVMATEO
_b10
_c20150928
_lBPMSU
_h00151
999 _c7927
_d7927